000 00689nam a2200229Ia 4500
003 GCL
008 140319s9999 xx 000 0 ara d
040 _aGCL /
_cGCL
082 0 4 _a786.97
_bج ت
100 1 _aمحمد شعبان محمد على
245 1 0 _aتدريبات الة الاكورديون /
_cمحمد شعبان محمد على
700 1 _aجاذبية امين سامى
700 1 _aحسين احمد على
700 1 _aعبدالحليم على
260 _a[S.N] :
_bلا يوجد
490 _a
650 0 4 _aالموسيقى
650 0 4 _aتدريب
650 0 4 _aالالات الموسيقية
650 0 4 _aالاكورديون
942 _2ddc
_cBK
999 _c33421
_d33421